| 000 | 00420nam a22001697a 4500 | ||
|---|---|---|---|
| 003 | MPLRDC | ||
| 005 | 20220104144147.0 | ||
| 008 | 210129b ||||| |||| 00| 0 eng d | ||
| 082 | _a873.57 COL c.2 | ||
| 100 | _aWILKIE COLLINS | ||
| 245 |
_a白衣女郎 _c庄凯勋译 |
||
| 250 | _a一版一刷 | ||
| 260 |
_a _b人民出版社 _c1981 |
||
| 300 | _b平 | ||
| 650 | _a英国现代小说 | ||
| 942 |
_cBK _o873.57 COL c.2 |
||
| 999 |
_c46950 _d46940 |
||